00529nam a2200133Ia 4500008004100000082001800041100002100059245007100080260005000151300001300201942000700214999001900221952015500240161229s9999 xx 000 0 und d a657.97 PON/TH aPonnuthurai, K S aTheory and practice of accounting in fishery cooperative societies bInternational cooperative allianceaNew Delhi axiv, 275 cBK c153647d153647 00104070aKAUCLVbKAUCLVd2016-12-29l0o657.97 PON/THp904956r2016-12-29 00:00:00w2016-12-29yBKzBook transferred from CCBM Library ,Acc.No:1776